Les cent nouvelles nouvelles (Record no. 153058)

MARC details
000 -LEADER
campo de control de longitud fija 00598nam a22001575i 4500
001 - NÚMERO DE CONTROL
campo de control 153058
003 - IDENTIFICADOR DE NÚMERO DE CONTROL
campo de control ES-MaACL
005 - FECHA Y HORA DE LA ÚLTIMA TRANSACCIÓN
campo de control 20230906205014.0
008 - DATOS DE LONGITUD FIJA--INFORMACIÓN GENERAL
campo de control de longitud fija 041015s1858 fr |||| | fre d
040 ## - FUENTE DE CATALOGACIÓN
Centro catalogador/agencia de origen CAM
Lengua de catalogación spa
Centro/agencia transcriptor CAM
245 04 - MENCIÓN DEL TÍTULO
Título Les cent nouvelles nouvelles
Resto del título : publiées d'après le seul manuscrit connu /
Mención de responsabilidad, etc. avec introduction et notes par Thomas Wright.
260 ## - PUBLICACIÓN, DISTRIBUCIÓN, ETC.
Lugar de publicación, distribución, etc. Paris :
Nombre del editor, distribuidor, etc. P. Jannet libraire,
Fecha de publicación, distribución, etc. 1858 (
Fabricante Imprimé par Ghiraudet et Jouaust)
300 ## - DESCRIPCIÓN FÍSICA
Extensión 2 v. (XLIII, 303; 323 p.) ;
Dimensiones 16 cm.
700 11 - ENTRADA AGREGADA--NOMBRE PERSONAL
Nombre de persona Wright, Thomas,
Término indicativo de función/relación
9 (RLIN) 117423
852 ## - LOCALIZACIÓN
Ubicación ES-MaACL
Número de control de estantería G-2376-2377
Nota libre -- Enc. hol.
Holdings
Estatus retirado Estado de pérdida Estado de daño No para préstamo Colección Biblioteca de origen Biblioteca actual Ubicación en estantería Fecha de adquisición Fuente de adquisición Total de préstamos Signatura topográfica completa Código de barras Visto por última vez Precio de reemplazo Tipo de ítem Koha
        Libros del s. XIX Biblioteca del Ateneo de Madrid Biblioteca del Ateneo de Madrid Depósito 2 17/01/2008     G-2376-2377 1159906 23/02/2023 23/02/2023 Libro impreso antiguo